Chievo Verona Squad 2018-2019 - Statistics

General Stats
  • This quiz has been taken 14 times
  • The average score is 12 of 29
Answer Stats
Ruolo Giocatore Nazionalità % Correct
CAM Valter Birsa Slovenia
92%
GK Stefano Sorrentino Italy
83%
CM Përparim Hetemaj Finland
75%
ST Sergio Pellissier Italy
75%
LW Emanuele Giaccherini Italy
67%
CM Ivan Radovanović Serbia
67%
ST Mariusz Stępiński Poland
67%
CM Joel Obi Nigeria
58%
CB Nenad Tomović Serbia
58%
GK Adrian Šemper Croatia
50%
RB Fabrizio Cacciatore Italy
50%
LB Pawel Jaroszynski Poland
50%
GK Andrea Seculin Italy
42%
RB Nicolas Frey France
42%
RW Emanuel Vignato Italy
33%
CM Fabio Depaoli Italy
33%
CB Federico Barba Italy
33%
ST Filip Djordjević Serbia
33%
CB Mattia Bani Italy
33%
CB Luca Rossettini Italy
25%
CM Nicola Rigoni Italy
25%
ST Riccardo Meggiorini Italy
25%
ST Mehdi Léris France
17%
CB Michele Rigione Italy
17%
CM Sofian Kiyine Morocco
17%
ST Manuel Pucciarelli Italy
8%
CB Strahinja Tanasijević Serbia
8%
CM Antonio Cinelli Italy
0%
CM Luca Baldassin Italy
0%
No matching quizzes found
Score Distribution
Percent of People with Each Score
Percentile by Number Answered
Your Score History
You have not taken this quiz